000
00239nam a2200097Ia 4500
008
220204s9999 xx 000 0 und d
082
_a
5(031)
_b
ENC
245
0
_a
Encyclopedia of science. Book 1
260
_a
Cochin
_b
Paico
_c
1975
942
_c
BK
999
_c
22858
_d
22858